000 00498nam a22001937a 4500
005 20251113105046.0
008 251113b |||||||| |||| 00| 0 eng d
037 _cTB
040 _aAL
_cAL
041 _2ENG
_aENG
084 _bAL
100 _aDakshinamurti (P)
_9851069
245 _aMandalika vrithipadakasan
260 _bTelugu University,
_c1992.
300 _a290p.
365 _b160.00
_cINR
942 _2CC
_cTB
_n0
999 _c1465346
_d1465346